<?xml version="1.0" encoding="UTF-8"?>
<record
    xmlns:xsi="http://www.w3.org/2001/XMLSchema-instance"
    xsi:schemaLocation="http://www.loc.gov/MARC21/slim http://www.loc.gov/standards/marcxml/schema/MARC21slim.xsd"
    xmlns="http://www.loc.gov/MARC21/slim">

  <leader>01184    a2200217   4500</leader>
  <controlfield tag="003">NALT</controlfield>
  <controlfield tag="005">20260217101751.0</controlfield>
  <controlfield tag="008">231122b        th ||||| |||| 00| 0 tha d</controlfield>
  <datafield tag="040" ind1=" " ind2=" ">
    <subfield code="a">&#xE4C;NALT</subfield>
  </datafield>
  <datafield tag="100" ind1="0" ind2=" ">
    <subfield code="a">Misbah.</subfield>
    <subfield code="9">65833</subfield>
  </datafield>
  <datafield tag="245" ind1="0" ind2="0">
    <subfield code="a">&#xE41;&#xE21;&#xE48;&#xE19;&#xE49;&#xE33;&#xE43;&#xE19;&#xE17;&#xE27;&#xE35;&#xE1B;&#xE40;&#xE2D;&#xE40;&#xE0A;&#xE35;&#xE22; =</subfield>
    <subfield code="b">Rivers in Asia /</subfield>
    <subfield code="c">Misbah.</subfield>
    <subfield code="h">[electronic resource]</subfield>
  </datafield>
  <datafield tag="260" ind1=" " ind2=" ">
    <subfield code="a">&#xE21;.&#xE1B;.&#xE17;. : </subfield>
    <subfield code="b">Easy Learn,</subfield>
    <subfield code="c">&#xE21;.&#xE1B;.&#xE1B;..</subfield>
  </datafield>
  <datafield tag="300" ind1=" " ind2=" ">
    <subfield code="a">Online resource</subfield>
  </datafield>
  <datafield tag="520" ind1=" " ind2=" ">
    <subfield code="a">&#xE41;&#xE21;&#xE48;&#xE19;&#xE49;&#xE33;&#xE2A;&#xE32;&#xE22;&#xE15;&#xE48;&#xE32;&#xE07;&#xE46;&#xE43;&#xE19;&#xE41;&#xE15;&#xE48;&#xE25;&#xE30;&#xE1B;&#xE23;&#xE30;&#xE40;&#xE17;&#xE28;&#xE02;&#xE2D;&#xE07;&#xE17;&#xE27;&#xE35;&#xE1B;&#xE40;&#xE2D;&#xE40;&#xE0A;&#xE35;&#xE22; &#xE25;&#xE49;&#xE27;&#xE19;&#xE21;&#xE35;&#xE04;&#xE27;&#xE32;&#xE21;&#xE2A;&#xE33;&#xE04;&#xE31;&#xE0D;&#xE15;&#xE48;&#xE2D;&#xE1C;&#xE39;&#xE49;&#xE04;&#xE19;&#xE43;&#xE19;&#xE17;&#xE27;&#xE35;&#xE1B;&#xE40;&#xE2D;&#xE40;&#xE0A;&#xE35;&#xE22; &#xE40;&#xE25;&#xE48;&#xE21;&#xE19;&#xE35;&#xE49;&#xE21;&#xE35;&#xE01;&#xE32;&#xE23;&#xE23;&#xE27;&#xE1A;&#xE23;&#xE27;&#xE21;&#xE41;&#xE21;&#xE48;&#xE19;&#xE49;&#xE33;&#xE2B;&#xE25;&#xE32;&#xE22;&#xE2A;&#xE32;&#xE22;&#xE02;&#xE2D;&#xE07;&#xE17;&#xE27;&#xE35;&#xE1B;&#xE40;&#xE2D;&#xE40;&#xE0A;&#xE35;&#xE22;&#xE43;&#xE2B;&#xE49;&#xE17;&#xE38;&#xE01;&#xE04;&#xE19;&#xE44;&#xE14;&#xE49;&#xE23;&#xE39;&#xE49;&#xE08;&#xE31;&#xE01;&#xE41;&#xE25;&#xE30;&#xE40;&#xE23;&#xE35;&#xE22;&#xE19;&#xE23;&#xE39;&#xE49;.</subfield>
  </datafield>
  <datafield tag="650" ind1=" " ind2="4">
    <subfield code="9">62297</subfield>
    <subfield code="a">&#xE40;&#xE2D;&#xE40;&#xE0A;&#xE35;&#xE22;</subfield>
    <subfield code="x">&#xE2D;&#xE32;&#xE23;&#xE22;&#xE18;&#xE23;&#xE23;&#xE21;</subfield>
  </datafield>
  <datafield tag="650" ind1=" " ind2="4">
    <subfield code="a">&#xE41;&#xE21;&#xE48;&#xE19;&#xE49;&#xE33;</subfield>
    <subfield code="z">&#xE40;&#xE2D;&#xE40;&#xE0A;&#xE35;&#xE22;</subfield>
    <subfield code="9">67396</subfield>
  </datafield>
  <datafield tag="850" ind1=" " ind2=" ">
    <subfield code="a">NALT</subfield>
  </datafield>
  <datafield tag="856" ind1="4" ind2="0">
    <subfield code="u">https://ebook.parliament.go.th/ebookall/example/431904</subfield>
    <subfield code="z">E-Book</subfield>
  </datafield>
  <datafield tag="942" ind1=" " ind2=" ">
    <subfield code="2">lcc</subfield>
    <subfield code="c">EBK</subfield>
  </datafield>
  <datafield tag="996" ind1=" " ind2=" ">
    <subfield code="a">i002</subfield>
    <subfield code="b">CATSTF	</subfield>
    <subfield code="c">2023-12-08</subfield>
  </datafield>
  <datafield tag="999" ind1=" " ind2=" ">
    <subfield code="c">102585</subfield>
    <subfield code="d">102585</subfield>
  </datafield>
  <datafield tag="998" ind1=" " ind2=" ">
    <subfield code="j">1020</subfield>
    <subfield code="k"> &#xE19;&#xE32;&#xE07;&#xE08;&#xE33;&#xE40;&#xE23;&#xE35;&#xE22;&#xE07;  &#xE23;&#xE30;&#xE27;&#xE31;&#xE07;&#xE2A;&#xE33;&#xE42;&#xE23;&#xE07;</subfield>
  </datafield>
  <datafield tag="952" ind1=" " ind2=" ">
    <subfield code="0">0</subfield>
    <subfield code="1">0</subfield>
    <subfield code="2">lcc</subfield>
    <subfield code="4">0</subfield>
    <subfield code="7">0</subfield>
    <subfield code="8">CERS</subfield>
    <subfield code="a">NALT</subfield>
    <subfield code="b">NALT</subfield>
    <subfield code="c">ONLINE</subfield>
    <subfield code="d">2023-09-29</subfield>
    <subfield code="e">191</subfield>
    <subfield code="r">2023-09-29 00:00:00</subfield>
    <subfield code="y">EBK</subfield>
  </datafield>
</record>
